Barbie My Scene Theme Song Lyrics - Statistics

General Stats
  • This quiz has been taken 9 times
  • The average score is 50 of 132
Answer Stats
Answer % Correct
I
80%
my
80%
(my
80%
scene
80%
scene)
80%
the
80%
The
80%
is
60%
It's
60%
(it's
60%
it's
60%
on
60%
on,
60%
going
40%
know
40%
mean
40%
out
40%
This
40%
tonight
40%
We're
40%
we're
40%
what
40%
You
40%
along
20%
Come
20%
feelin'
20%
floor
20%
Gonna
20%
gonna
20%
groove
20%
move
20%
music
20%
our
20%
outta
20%
sight
20%
sing
20%
song
20%
through
20%
We'll
20%
we'll
20%
will
20%
all
0%
alright
0%
And
0%
be
0%
Because
0%
boys,
0%
boys
0%
'Cause
0%
crowd
0%
dancin'
0%
DJ's
0%
get
0%
gettin'
0%
girls
0%
got
0%
hot
0%
jumpin'
0%
long
0%
loud
0%
moves
0%
never
0%
night
0%
party's
0%
place
0%
pumpin'
0%
spinning
0%
starts
0%
stop
0%
together
0%
when
0%
whole
0%
No matching quizzes found
Score Distribution
Percent of People with Each Score
Percentile by Number Answered
Your Score History
You have not taken this quiz